Learn Dutch Day/month - Statistics

General Stats
  • This quiz has been taken 26 times
  • The average score is 13 of 19
Answer Stats
English Dutch % Correct
Monday Maandag
90%
April April
80%
August Augustus
70%
December December
70%
Tuesday Dinsdag
70%
January Januari
70%
July Juli
70%
June Juni
70%
November November
70%
September September
70%
Friday Vrijdag
70%
Saturday Zaterdag
70%
Sunday Zondag
70%
Thursday Donderdag
60%
February Februari
60%
October Oktober
60%
Wednesday Woensdag
50%
March Maart
40%
May Mei
40%
No matching quizzes found
Score Distribution
Percent of People with Each Score
Percentile by Number Answered
Your Score History
You have not taken this quiz